000 00572nam a22001937a 4500
003 OSt
005 20250818034757.0
008 250818b |||||||| |||| 00| 0 eng d
020 _a971-93399-7-7.
040 _aDWC-Main Lib.
_cOC
100 _aESTOQUE, RONAN S.
245 _aCollege sociology/
_cESTOQUE, RONAN S.
260 _aManila :
_bMindshapers Co., Inc.,
_cc2006.
300 _aiv, 317 p. :
_bill. ;
_c25 cm.
504 _aIncludes bibliographical references.
650 _aSociology.
700 _aLEAÑO, ROMAN D., JR.
942 _2ddc
_cBK - FIL
_hFil.
_n0
999 _c3997
_d3997